LEADER 01232nam a2200229 4500 001 000000336180 003 CaOOAMICUS 005 20190826105716.0 008 190826s1788 it 000 u ita r 026 $a1.o. tan- 3.em (2Gr (7) 1788 (A) 040 $aSeMil$bita 245 00$aRiflessioni intorno la teologia di Lione intitolata Insitutiones theologicae aucoritate dd. archiepiscopi Lugdunensis, ad usum scholarum suae dioecesis editae. Lugduni e typis fratrum Perisse, ann. 1784. 264 1$aIn Genova :$bPresso il Repetto in Canneto,$c1788. 300 $a146, [2] p. ;$c8° 500 $aSegn.: a-h? iš? (iš? bianca) 700 1 $aRepetto, Felice,$c.$0(OLS)http://semarc/name/80491 752 $aIT$dGenova 850 $aSeMil 852 $aSeMil$W1$xVenegono$y1$m3X III 110 FA$j215488$B227991$CSeMilBibl$Z2$F227991 $8I 996 $6245$aRiflessioni intorno la teologia di Lione intitolata Insitutiones theologicae aucoritate dd. archiepiscopi Lugdunensis, ad usum scholarum suae dioecesis editae. Lugduni e typis fratrum Perisse, ann. 1784$9(OLS)http://semarc/title/425460 996 $6264$aIn Genova :$bPresso il Repetto in Canneto$9(OLS)http://semarc/publisher/58509 LEADER 00638nam a2200169 i 4500 001 000000238052 003 CaOOAMICUS 005 20150119000000.0 008 150119s1840 it u000 u ita u 013 $a216957 040 $aSeMil$bita 245 10$aTomo 3. 300 $a152 p., [1] c. di tav. :$bill. 773 0 $aRiccardi, Antonio <1788-1844>$tStoria dei Santuari pių celebri di Maria Santissima sparsi nel mondo cristiano.$dMilano : Giacomo Agnelli, 1840-1844.$g3$w()31267 850 $aSeMil 852 $aSeMil$W1$xVenegono$y1$m3C III 97 FA$j188398$B188398$CSeMilBibl$Z2$F199173 $8I 996 $6245$aTomo 3$9(OLS)http://semarc/title/53129